000 00724nam a2200253Ia 4500
005 20260429111847.0
008 260429s9999||||xx |||||||||||||| ||und||
020 _a9789358998177
041 _aEnglish
082 _a631.422
_bASH
100 _aAshraf, Mohammed A.
245 0 _aPlant nutrition and soil fertility :
_badvanced agronomic techniques /
_cMohammed A. Ashraf
250 _a1st ed.
260 _aNew Delhi :
_bElite Publishing House,
_c2024.
300 _axii, 212 p.; hb
650 _a Plant nutrition
650 _a Soil fertility
650 _aAgriculture
700 _a Preethi, T. L.
700 _a Sivagamy, K.
700 _a Tamilselvi, C.
700 _a Vijayashanthi, V.A.
942 _cTB
999 _c51179
_d51179